000 00546nam a2200217Ia 4500
003 OSt
005 20220928143713.0
006 a|||||r|||| 00| 0
007 ta
008 220927b |||||||| |||| 00| 0 eng d
024 _a22918
037 _cTextual
040 _aSDCL
_cSDCL
_beng
041 _2eng
_aeng
082 _aC52, K9.1-.2
100 _aCoroniti Samuel C
_9505944
245 0 _aPlanetary electrodynamics.2V..
260 _c1969
942 _hC52, K9.1-.2
_cTEXL
_2CC
999 _c824873
_d824873